[Event "Oberfranken-ch"]
[Site "Schney"]
[Date "2019.01.06"]
[Round "7"]
[White "Kleine Weischede, Daniel"]
[Black "Yigit, Emirhan"]
[Result "1-0"]
[WhiteElo "1116"]
[BlackElo "829"]
[PlyCount "131"]
[EventDate "2019.01.03"]
[EventType "swiss"]
[EventRounds "7"]
[EventCountry "GER"]
[SourceTitle "CBM 188 Extra"]
[Source "ChessBase"]
[SourceDate "2019.02.26"]
[SourceVersion "1"]
[SourceVersionDate "2019.02.26"]
[SourceQuality "1"]

1. e4 e5 2. Nf3 Nc6 3. Bc4 h6 4. 0-0 Nf6 5. Nc3 Bc5 6. d3 d6 7. Be3 Bxe3 8. fxe3 Bd7 9. d4 Bg4 10. Qd2 Bxf3 11. Rxf3 Qe7 12. Raf1 0-0-0 13. a3 Rdf8 14. Bd5 Nxd5 15. Nxd5 Qd7 16. b4 a6 17. c4 b5 18. cxb5 axb5 19. Rc1 Kd8 20. Qc3 Ne7 21. Qxc7+ Qxc7 22. Nxc7 f6 23. Ne6+ Kd7 24. Nxf8+ Rxf8 25. Rf2 Rb8 26. Rfc2 Rb7 27. Kf2 Ng6 28. g3 Ra7 29. Rc3 exd4 30. exd4 Ke6 31. Ke3 f5 32. exf5+ Kxf5 33. Ra1 Rb7 34. a4 bxa4 35. Rxa4 Ne7 36. Kd3 Kg4 37. Rb3 Kh3 38. Ra2 Nc6 39. Kc4 Ne7 40. Rab2 d5+ 41. Kc5 Rd7 42. b5 Nc8 43. b6 Nxb6 44. Rxb6 h5 45. Rd6 Rc7+ 46. Kxd5 g5 47. Rh6 Kg4 48. Kd6 Ra7 49. d5 Ra6+ 50. Ke7 Rxh6 51. d6 Kf5 52. d7 Re6+ 53. Kd8 Kf6 54. Kc7 Re7 55. Kc8 Rxd7 56. Kxd7 Kf5 57. h4 g4 58. Rb5+ Kg6 59. Re5 Kf6 60. Kd6 Kg6 61. Kd5 Kh6 62. Re6+ Kg7 63. Ke5 Kh7 64. Kf5 Kg7 65. Ra6 Kh7 66. Kg5 1-0

[Event "Oberfranken-ch"]
[Site "Schney"]
[Date "2019.01.03"]
[Round "2"]
[White "Geisensetter, Franz"]
[Black "Yigit, Emirhan"]
[Result "1-0"]
[WhiteElo "1972"]
[BlackElo "829"]
[PlyCount "49"]
[EventDate "2019.01.03"]
[EventType "swiss"]
[EventRounds "7"]
[EventCountry "GER"]
[SourceTitle "CBM 188 Extra"]
[Source "ChessBase"]
[SourceDate "2019.02.26"]
[SourceVersion "1"]
[SourceVersionDate "2019.02.26"]
[SourceQuality "1"]

1. e4 e5 2. Nf3 Nc6 3. d4 f6 4. Bc4 Nge7 5. c3 d6 6. Qb3 d5 7. exd5 Na5 8. Qa4+ Nec6 9. dxc6 Nxc4 10. Qxc4 b6 11. dxe5 Qe7 12. 0-0 Be6 13. Qa4 Qc5 14. Be3 Qe7 15. Na3 a6 16. Rad1 g5 17. exf6 Qxf6 18. Bxg5 Qf5 19. Nd4 Qe5 20. Nxe6 Qxe6 21. Rfe1 Qxe1+ 22. Rxe1+ Kf7 23. Qf4+ Kg7 24. Bf6+ Kf7 25. Bxh8+ 1-0

[Event "Oberfranken-ch U16"]
[Site "Schney"]
[Date "2017.01.05"]
[Round "6.6"]
[White "Yigit, Emirhan"]
[Black "Fischer, Lukas1111"]
[Result "0-1"]
[WhiteElo "795"]
[BlackElo "1624"]
[PlyCount "108"]
[EventDate "2017.01.03"]
[EventType "swiss"]
[EventRounds "7"]
[EventCountry "GER"]
[SourceTitle "EXT 2024"]
[Source "ChessBase"]
[SourceDate "2023.10.10"]
[SourceVersion "1"]
[SourceVersionDate "2023.10.10"]
[SourceQuality "1"]

1. e4 e5 2. Bc4 Nf6 3. Nc3 Bb4 4. a3 Bxc3 5. bxc3 Nxe4 6. Nf3 Nc6 7. Ng5 Nxg5 8. d3 d5 9. Bb5 Bd7 10. 0-0 a6 11. Ba4 b5 12. Bb3 Be6 13. c4 dxc4 14. dxc4 Qxd1 15. Rxd1 bxc4 16. Ba4 Bd7 17. Bxg5 f6 18. Be3 Rd8 19. h3 0-0 20. Bc5 Rfe8 21. Rab1 Nd4 22. Bxd7 Rxd7 23. c3 Ne2+ 24. Kh1 Rxd1+ 25. Rxd1 Nxc3 26. Rd7 Rc8 27. Bb4 Ne2 28. Rd5 c3 29. Rc5 Kf7 30. Rc6 Kg6 31. f3 Kf5 32. g4+ Kf4 33. Kg2 Ke3 34. Bxc3 Nxc3 35. Rxc3+ Kd2 36. Rc6 Ke3 37. Rxa6 c5 38. Rb6 c4 39. Kf1 Kd2 40. Rd6+ Kc1 41. Ke1 c3 42. Rd1+ Kb2 43. Ke2 c2 44. Rd2 Kb1 45. Rxc2 Rxc2+ 46. Kd3 Kb2 47. a4 Rc3+ 48. Ke4 Rc4+ 49. Kf5 Rxa4 50. h4 Rf4+ 51. Ke6 Rxf3 52. Kf7 e4 53. g5 fxg5+ 54. Kxg7 gxh4 0-1